[Event "Montreal May op"]
[Site "Montreal"]
[Date "1978.05.20"]
[Round "2"]
[White "Lapointe, Eric"]
[Black "Morin, Louis"]
[Result "0-1"]
[WhiteElo "1256"]
[BlackElo "1381"]
[PlyCount "93"]
[EventDate "1978.05.20"]
[EventType "swiss"]
[EventRounds "6"]
[EventCountry "CAN"]
[SourceTitle "EXT 2022"]
[Source "ChessBase"]
[SourceDate "2021.10.06"]
[SourceVersion "1"]
[SourceVersionDate "2021.10.06"]
[SourceQuality "1"]

1. e4 e5 2. Nf3 d6 3. Nc3 Nf6 4. Bc4 Be7 5. 0-0 0-0 6. Re1 Be6 7. Bxe6 fxe6 8. d4 exd4 9. Nxd4 Qd7 10. e5 Nd5 11. Nxd5 exd5 12. e6 Qe8 13. Nf5 Rxf5 14. Qd3 Qg6 15. Qe3 Re5 16. Qd2 Qxe6 17. Kf1 Rxe1+ 18. Qxe1 Qxe1+ 19. Kxe1 Nc6 20. Be3 Bf6 21. c3 Re8 22. Kd2 d4 23. Bf4 dxc3+ 24. bxc3 Be5 25. Bg3 Bxg3 26. hxg3 Re5 27. f4 Ra5 28. g4 Kf7 29. g5 Ke6 30. Kd3 Kf5 31. Ke3 Ra3 32. Rc1 Rxa2 33. Kf3 a5 34. Re1 Ra3 35. g4+ Kg6 36. Re6+ Kf7 37. f5 Nd4+ 38. Ke4 Nxe6 39. fxe6+ Kxe6 40. c4 Rg3 41. Kf4 Rxg4+ 42. Kxg4 a4 43. Kh5 a3 44. g6 hxg6+ 45. Kxg6 a2 46. Kxg7 a1Q+ 47. Kg6 0-1